Skip to main content
Your cart is empty.
Your lists
Log in to create your own lists
Your cookies
العربية
English
العربية
Home
Search
Advanced search
Authority search
About
The noble scholar, jurist, historian
His Excellency Dr. Abdul Wahhab bin Ibrahim Abu Sulaiman, may Allah have mercy on him.
He was born in Umm Al-Qura in the year 1356 AH.
Library catalog
Title
Author
Subject
ISBN
ISSN
Series
Call number
Log in to your account
×
Login:
Password:
Home
MARC view: العروة الوثقى /
Normal view
MARC view
ISBD view
العروة الوثقى / (Record no. 10567)
[
view plain
]
MARC details
000 -LEADER
fixed length control field
03131cam a22003611i 4500
003 - CONTROL NUMBER IDENTIFIER
control field
SA-RiAUC
005 - DATE AND TIME OF LATEST TRANSACTION
control field
20250805072416.0
008 - FIXED-LENGTH DATA ELEMENTS--GENERAL INFORMATION
fixed length control field
250802s1970 le a g 000 0 ara c
040 ## - CATALOGING SOURCE
Original cataloging agency
LB-JoUSK
Language of cataloging
ara
Transcribing agency
SA-RiAUC.
Description conventions
rda
043 ## - GEOGRAPHIC AREA CODE
Geographic area code
f-ua---
050 #4 - LIBRARY OF CONGRESS CALL NUMBER
Item number
.J36 1970
082 04 - DEWEY DECIMAL CLASSIFICATION NUMBER
Classification number
218.10962
Assigning agency
SA-RiAUC
090 ## - LOCALLY ASSIGNED LC-TYPE CALL NUMBER (OCLC); LOCAL CALL NUMBER (RLIN)
Classification number (OCLC) (R) ; Classification number, CALL (RLIN) (NR)
218.10962
Local cutter number (OCLC) ; Book number/undivided call number, CALL (RLIN)
ج م ا
100 1# - MAIN ENTRY--PERSONAL NAME
Personal name
جمال الدين الأفغاني، محمد بن صفدر الحسيني،
Dates associated with a name
1254-1315 هجري
Relator term
مؤلف.
245 12 - TITLE STATEMENT
Title
العروة الوثقى /
Statement of responsibility, etc.
تأليف جمال الدين الأفغاني، محمد عبده.
250 ## - EDITION STATEMENT
Edition statement
الطبعة الأولى.
264 #1 - PRODUCTION, PUBLICATION, DISTRIBUTION, MANUFACTURE, AND COPYRIGHT NOTICE
Place of production, publication, distribution, manufacture
بيروت :
Name of producer, publisher, distributor, manufacturer
دار الكتاب العربي،
Date of production, publication, distribution, manufacture, or copyright notice
1970
300 ## - PHYSICAL DESCRIPTION
Extent
454 صفحة :
Other physical details
مصور ؛
Dimensions
18 سم.
336 ## - CONTENT TYPE
Content type term
نص
Content type code
txt
Source
rdacontent
Materials specified
كتاب
337 ## - MEDIA TYPE
Media type term
بدون وسيط
Media type code
n
Source
rdamedia
338 ## - CARRIER TYPE
Carrier type term
مجلد
Carrier type code
nc
Source
rdacarrier
490 1# - SERIES STATEMENT
Series statement
الآثار الكاملة ؛
Volume/sequential designation
1
630 07 - SUBJECT ADDED ENTRY--UNIFORM TITLE
Uniform title
العروة الوثقى (مجلة)
Source of heading or term
aucut
650 #7 - SUBJECT ADDED ENTRY--TOPICAL TERM
Topical term or geographic name entry element
الحركات الفكرية عند المسلمين
Geographic subdivision
مصر
Source of heading or term
aucsh
650 #7 - SUBJECT ADDED ENTRY--TOPICAL TERM
Topical term or geographic name entry element
الإسلام
General subdivision
حركات الإحياء والإصلاح والتجديد
Geographic subdivision
مصر
Source of heading or term
aucsh
700 0# - ADDED ENTRY--PERSONAL NAME
Personal name
محمد عبده،
Titles and other words associated with a name
الشيخ،
Dates associated with a name
1266-1323 هجري
Relator term
مؤلف.
830 #2 - SERIES ADDED ENTRY--UNIFORM TITLE
Uniform title
الآثار الكاملة
Volume/sequential designation
1
856 ## - ELECTRONIC LOCATION AND ACCESS
Uniform Resource Identifier
<a href="https://www.hindawi.org/books/68096495/">https://www.hindawi.org/books/68096495/</a>
Link text
External Link
Access method
نرجو الانتباه لإمكانية وجود اختلاف في الطبعة أو الناشر بين البيانات على البوابة وما ستجده على الكتاب نظرا لمحدودية المعلومات المتاحة على الموقع الناشر للمادة.
Materials specified
Please note that there may be a difference in the edition or publisher between the data on the portal and the book due to the limited information available on the publisher website for the material.
856 ## - ELECTRONIC LOCATION AND ACCESS
Uniform Resource Identifier
<a href="https://s3.amazonaws.com/images.hindawi.org/kalimat/covers/svg/270x360/68096495.svg">https://s3.amazonaws.com/images.hindawi.org/kalimat/covers/svg/270x360/68096495.svg</a>
Link text
CoverImage
Access method
نرجو الانتباه لإمكانية وجود اختلاف في الطبعة أو الناشر بين البيانات على البوابة وما ستجده على الكتاب نظرا لمحدودية المعلومات المتاحة على الموقع الناشر للمادة.
Materials specified
Please note that there may be a difference in the edition or publisher between the data on the portal and the book due to the limited information available on the publisher website for the material.
856 ## - ELECTRONIC LOCATION AND ACCESS
Uniform Resource Identifier
<a href="https://www.hindawi.org/books/68096495.pdf">https://www.hindawi.org/books/68096495.pdf</a>
Link text
Digital Copy
Access method
نرجو الانتباه لإمكانية وجود اختلاف في الطبعة أو الناشر بين البيانات على البوابة وما ستجده على الكتاب نظرا لمحدودية المعلومات المتاحة على الموقع الناشر للمادة.
Materials specified
Please note that there may be a difference in the edition or publisher between the data on the portal and the book due to the limited information available on the publisher website for the material.
942 ## - ADDED ENTRY ELEMENTS (KOHA)
Source of classification or shelving scheme
Dewey Decimal Classification
Koha item type
Books
Suppress in OPAC
No
949 ## - LOCAL PROCESSING INFORMATION (OCLC)
a
SA-JeALM
d
250802
u
mohamedma123
n
1
Holdings
Withdrawn status
Lost status
Source of classification or shelving scheme
Damaged status
Not for loan
Home library
Current library
Date acquired
Total checkouts
Full call number
Barcode
Date last seen
Price effective from
Koha item type
Dewey Decimal Classification
DR AbdElwahab Library
DR AbdElwahab Library
08/05/2025
218.10962 ج م ا
000017243
08/05/2025
08/05/2025
Books
Place hold
Print
Add to your cart
(remove)
Save record
BIBTEX
Dublin Core
MARCXML
MARC (non-Unicode/MARC-8)
MARC (Unicode/UTF-8)
MARC (Unicode/UTF-8, Standard)
MODS (XML)
RIS
ISBD
More searches
Search for this title in:
Other Libraries (WorldCat)
Other Databases (Google Scholar)
Online Stores (Bookfinder.com)
Open Library (openlibrary.org)
Exporting to Dublin Core...
×
Simple DC-RDF
OAI-DC
SRW-DC